| 000 | 00467nam a2200157Ia 4500 | ||
|---|---|---|---|
| 008 | 240729s9999 xx 000 0 und d | ||
| 022 | _a2663-6824 | ||
| 245 | 0 | _aJournal of Optimization, Differential Equations and Their Applications | |
| 260 | _aUkraine | ||
| 260 | _bOles Honchar Dnipro National University | ||
| 650 | _a Mathematics | ||
| 650 | _aScience | ||
| 856 | _uhttps://doaj.org/toc/1a315227dc3b494db57471319eb84446 | ||
| 942 | _2ddc | ||
| 942 | _cDOAJEJ | ||
| 999 |
_c65696 _d65696 |
||
| 945 |
_a1 _bMadushi Gamage _c1 _dMadushi Gamage |
||